000 00510nam a2200169Ia 4500
008 090711s9999 xx 000 0 und d
082 _b875
100 _aभसे पोपटराव
245 _aप्रतिकार
260 _bशांती पब्लिकेशन्स
_c1997
300 _a286
600 _aभसे पोपटराव
630 _aप्रतिकार
700 _aभसे पोपटराव
730 _aप्रतिकार
942 _cBOOK
999 _c324385
_d324385